Co to za piłkarz? #2 - Statystyki

Ogólne statystyki
  • Ten quiz został rozwiązany 143 razy
  • Średni wynik to 5 z 7
Statystyki odpowiedzi
Obrazkowy Odpowiedź % Poprawnych
Górnik Zabrze
96%
Ajax Amsterdam
77%
Napoli
77%
Bayer Leverkusen
71%
Juventus
64%
Arkadiusz Milik
47%
Olympique Marseille
36%
Nie znaleziono quizów pasujących do podanych kryteriów
Rozkład punktacji
Procent ludzi z każdym wynikiem
Percentyl według liczby udzielonych odpowiedzi
Twoja historia wyników
Nie rozwiązałeś tego quizu